000
00325nam a2200145Ia 4500
005
20250428013752.0
008
240331s9999 xx 000 0 und d
082
_b
RAN
_a
891
100
_a
Ranaweera,E
245
0
_a
Leyisa
260
_a
Gampaha
_b
Sarasavi Books
_c
1967
300
_a
164 p .,
650
_a
A Novel
942
_c
L
999
_c
4857
_d
4857